LOTR: Residents of Middle-Earth: Moria/Khazad-dûm - Statistics

General Stats
  • This quiz has been taken 71 times
  • The average score is 12 of 18
Answer Stats
Answer % Correct
Balin
96%
Durin II
96%
Durin III
96%
Durin IV
96%
Durin the Deathless
96%
Durin V
96%
Durin VI
96%
Durin VII
96%
Óin
74%
Ori
67%
Durin's Bane
61%
Thráin I
52%
Náin I
43%
Narvi
37%
Azog
28%
Frár
26%
Lóni
26%
Náli
22%
No matching quizzes found
Score Distribution
Percent of People with Each Score
Percentile by Number Answered
Your Score History
You have not taken this quiz